| 000 | 01028nam a2200241 a 4500 | ||
|---|---|---|---|
| 001 | 32561 | ||
| 003 | BD-RjUL | ||
| 005 | 20211209051845.0 | ||
| 008 | 780629s1843 enk 000 0 eng | ||
| 035 | _a(BD-RjUL)32650 | ||
| 040 |
_aDLC _cNIC _dDLC _dBD-RjUL _beng |
||
| 041 | 1 | _aengara | |
| 082 |
_223 _a297.1227 _bSEL 1843 |
||
| 245 | 0 | 0 |
_aSelections from the Ḳur-án : _bcommonly called, in England, the Koran; with an interwoven commentary ; Translated from the Arabic, methodically arranged, and illustrated by notes, chiefly from Sale's edition: to which is prefixed an introduction, taken from Sale's preliminary discourse, with corrections and additions / _c by Edward William Lane. |
| 260 |
_aLondon: _bJ. Madden, _c1843. |
||
| 300 |
_avii, 317 p. _c23 cm. |
||
| 650 |
_aQur'an _xTranslating _xCommentaries _9223472 |
||
| 650 |
_aIslam. _9223473 |
||
| 700 | 1 |
_aLane, Edward William, _d1801-1876, _eed. _9223463 |
|
| 700 | 1 |
_aSale, George, _d1697?-1736, _eed. & tr. _9223464 |
|
| 942 |
_2ddc _cRAR |
||
| 999 |
_c32561 _d32561 |
||